[Event "21st Biel Festival"]
[Site "Biel SUI"]
[Date "1988.07.28"]
[Round "10"]
[White "Romanishin, Oleg"]
[Black "Ftacnik, Lubomir"]
[Result "1-0"]
[WhiteElo "2550"]
[BlackElo "2590"]
[EventDate "1988.07.17"]
[PlyCount "121"]

1.e4 c5 2.Nc3 d6 3.f4 g6 4.d4 cxd4 5.Qxd4 Nf6 6.e5 Nc6 7.Bb5 dxe5 8.Qxd8+ 
Kxd8 9.fxe5 Nxe5 10.Bf4 Ned7 11.O-O-O a6 12.Be2 Bg7 13.Nf3 Ke8 14.Rhe1 Kf8
15.Bc4 b5 16.Bd5 Ra7 17.Nd4 Bb7 18.Bc6 e5 19.Bxe5 Bh6+ 20.Kb1 Nxe5 21.Rxe5
Bc8 22.Nd5 Nxd5 23.Re8+ Kg7 24.Rxh8 Kxh8 25.Bxd5 Rd7 26.Bf3 Kg7 27.c3 Be3 
28.Kc2 h5 29.h3 Bg5 30.a4 bxa4 31.Ra1 Rd6 32.Rxa4 Bf6 33.Rc4 Bd7 34.b4 Kh6
35.Nb3 Bb5 36.Rc7 Kg7 37.Nc5 Bd8 38.Rc8 Bb6 39.Rb8 a5 40.bxa5 Bxc5 41.Rxb5
Be3 42.Kb3 Kf6 43.Rb7 Ke6 44.Kc4 Rd7 45.a6 Kd6 46.Rb5 Rc7+ 47.Kb4 Bf2 48.
Rd5+ Ke6 49.c4 Ba7 50.Kb5 Rc8 51.c5 Rc7 52.Rd6+ Ke7 53.Bc6 f6 54.Rd2 g5 
55.Rd1 h4 56.Rd2 f5 57.Rd5 g4 58.Rxf5 gxh3 59.gxh3 Rc8 60.Rh5 Rc7 61.Rxh4 
1-0

[Event "21st Biel Festival"]
[Site "Biel SUI"]
[Date "1988.07.28"]
[Round "10"]
[White "Gulko, Boris"]
[Black "Sokolov, Ivan"]
[Result "1/2-1/2"]
[WhiteElo "2590"]
[BlackElo "2570"]
[EventDate "1988.07.17"]
[PlyCount "33"]

1.c4 e5 2.g3 c6 3.Bg2 d5 4.cxd5 cxd5 5.d4 exd4 6.Nf3 Bb4+ 7.Bd2 Bc5 8.O-O 
Nc6 9.Bf4 Nge7 10.Nbd2 Bb6 11.Nb3 Nf5 12.Rc1 Qe7 13.Qd3 O-O 14.Qb5 Re8 15.
Rfe1 h6 16.h4 Qd8 17.Nc5 1/2-1/2

[Event "21st Biel Festival"]
[Site "Biel SUI"]
[Date "1988.07.28"]
[Round "10"]
[White "Nogueiras Santiago, Jesus"]
[Black "Campora, Daniel Hugo"]
[Result "1/2-1/2"]
[WhiteElo "2550"]
[BlackElo "2540"]
[EventDate "1988.07.17"]
[PlyCount "26"]

1.d4 d5 2.c4 e6 3.Nf3 Nf6 4.Nc3 Be7 5.Bg5 h6 6.Bh4 O-O 7.e3 b6 8.cxd5 Nxd5
9.Bxe7 Qxe7 10.Rc1 Bb7 11.Be2 Rc8 12.O-O Nxc3 13.Rxc3 c5 1/2-1/2

[Event "21st Biel Festival"]
[Site "Biel SUI"]
[Date "1988.07.28"]
[Round "10"]
[White "Kindermann, Stefan"]
[Black "Tukmakov, Vladimir"]
[Result "1-0"]
[WhiteElo "2525"]
[BlackElo "2590"]
[EventDate "1988.07.17"]
[PlyCount "77"]

1.e4 e5 2.Nf3 Nc6 3.Bb5 a6 4.Ba4 Nf6 5.O-O Nxe4 6.d4 b5 7.Bb3 d5 8.dxe5 
Be6 9.a4 b4 10.a5 Nc5 11.Bg5 Qd7 12.Nbd2 h6 13.Bh4 Be7 14.Bxe7 Qxe7 15.c3 
O-O 16.Bc2 Bg4 17.h3 Bh5 18.Qe1 bxc3 19.bxc3 f6 20.Nd4 Be8 21.N2b3 Nxd4 
22.cxd4 Ne6 23.Qe3 Bb5 24.Rfe1 f5 25.Nc5 f4 26.Qf3 Nxc5 27.dxc5 Qe6 28.
Rad1 c6 29.h4 g5 30.hxg5 hxg5 31.Qh5 Ra7 32.Qxg5+ Rg7 33.Qh5 f3 34.g3 Qe7 
35.Rd4 Qxc5 36.Rh4 Qe7 37.e6 Rxg3+ 38.fxg3 f2+ 39.Kh2 1-0

[Event "21st Biel Festival"]
[Site "Biel SUI"]
[Date "1988.07.29"]
[Round "11"]
[White "Tukmakov, Vladimir"]
[Black "Romanishin, Oleg"]
[Result "1-0"]
[WhiteElo "2590"]
[BlackElo "2550"]
[EventDate "1988.07.17"]
[PlyCount "63"]

1.d4 Nf6 2.c4 e6 3.Nf3 b6 4.g3 Ba6 5.b3 Bb7 6.Bg2 Bb4+ 7.Bd2 a5 8.O-O O-O 
9.Qc2 h6 10.Nc3 d6 11.d5 exd5 12.Nd4 Ne4 13.cxd5 Nxd2 14.Qxd2 a4 15.Nc2 
Bxc3 16.Qxc3 Re8 17.e3 Nd7 18.b4 Nf6 19.Rfd1 Re5 20.Qc4 Qd7 21.b5 Rae8 22.
Rd4 Qf5 23.Rf4 Qh5 24.Nb4 R8e7 25.Rc1 Nxd5 26.Rh4 Qg5 27.f4 Qf5 28.fxe5 
Nxe3 29.Nc6 Bxc6 30.Qxc6 Rxe5 31.Qa8+ Kh7 32.Be4 1-0

[Event "21st Biel Festival"]
[Site "Biel SUI"]
[Date "1988.07.29"]
[Round "11"]
[White "Sokolov, Ivan"]
[Black "Torre, Eugenio"]
[Result "1/2-1/2"]
[WhiteElo "2570"]
[BlackElo "2555"]
[EventDate "1988.07.17"]
[PlyCount "56"]

1.c4 g6 2.g3 Bg7 3.Bg2 Nf6 4.Nf3 O-O 5.O-O d6 6.Nc3 c6 7.Rb1 d5 8.b3 d4 9.
Na4 Re8 10.d3 e5 11.Bg5 h6 12.Bxf6 Qxf6 13.Nd2 Qe7 14.b4 f5 15.Qc2 Be6 16.
b5 Rc8 17.Nb3 Rc7 18.bxc6 b6 19.c5 Nxc6 20.Nxb6 Rd8 21.a3 Qf7 22.Nd2 Ne7 
23.Na4 Kh7 24.Rfc1 Nd5 25.Nc4 Qg8 26.Qd2 e4 27.Qa5 Rdd7 28.dxe4 Nc3 
1/2-1/2

[Event "21st Biel Festival"]
[Site "Biel SUI"]
[Date "1988.07.29"]
[Round "11"]
[White "Campora, Daniel Hugo"]
[Black "Gulko, Boris"]
[Result "0-1"]
[WhiteElo "2540"]
[BlackElo "2590"]
[EventDate "1988.07.17"]
[PlyCount "124"]

1.e4 e6 2.d4 d5 3.Nd2 b6 4.Ngf3 Nf6 5.Bb5+ c6 6.Bd3 Ba6 7.Bxa6 Nxa6 8.e5 
Nd7 9.O-O c5 10.c4 Nc7 11.cxd5 Nxd5 12.Ne4 Be7 13.Bg5 O-O 14.Rc1 cxd4 15.
Qxd4 Bxg5 16.Nexg5 h6 17.Ne4 b5 18.Nd6 Qb6 19.Rfe1 Rfd8 20.Qxb6 axb6 21.
Nxb5 Rxa2 22.Rc2 Nc5 23.Kf1 Nb4 24.Rce2 Nbd3 25.Rb1 Rda8 26.Na3 Na4 27.Ne1
Nf4 28.Re4 Nd5 29.Nac2 Nxb2 30.Rd4 Na4 31.f4 Nac3 32.Rb3 R8a4 33.Rxa4 Rxa4
34.g3 g5 35.fxg5 hxg5 36.Nf3 Ne4 37.Ke2 Nc5 38.Ra3 Re4+ 39.Kd2 g4 40.Nh4 
Rxe5 41.Ng2 Re4 42.Ra8+ Kg7 43.Rb8 Nb3+ 44.Kd3 Nc5+ 45.Kd2 Nd7 46.Rb7 Ne5 
47.Nge3 Nc4+ 48.Nxc4 Rxc4 49.Kd3 Rc3+ 50.Kd2 Rc7 51.Rb8 Rc4 52.Rb7 Kg6 53.
Ne1 Ra4 54.Nd3 Ra2+ 55.Ke1 f6 56.Nf2 f5 57.h3 Ra1+ 58.Ke2 Ra2+ 59.Ke1 f4 
60.Nxg4 fxg3 61.Ne5+ Kf5 62.Nf3 Ke4 0-1

[Event "21st Biel Festival"]
[Site "Biel SUI"]
[Date "1988.07.29"]
[Round "11"]
[White "Zueger, Beat"]
[Black "Kindermann, Stefan"]
[Result "1/2-1/2"]
[WhiteElo "2445"]
[BlackElo "2525"]
[EventDate "1988.07.17"]
[PlyCount "30"]

1.d4 Nf6 2.c4 e6 3.Nf3 Bb4+ 4.Bd2 Bxd2+ 5.Qxd2 d5 6.e3 O-O 7.Nc3 Qe7 8.Bd3
dxc4 9.Bxc4 Rd8 10.Qe2 c5 11.O-O Nc6 12.dxc5 Qxc5 13.Rfd1 Bd7 14.Rac1 Be8 
15.Bb5 Rxd1+ 1/2-1/2